000 01430nam a2200301 a 4500
999 _c443867
_d443867
003 BLK
005 20241105101220.0
008 190204b bu ad||fr|||| 00| 0 bu d
020 _a978-619-91141-1-7
040 _aBLK
041 _aENG
_cBUL
080 _aДерматология. Кожни болести
_b616.5
_z616.5
100 1 _aЯковлиев, Пламен Христов
_d1961 -
_gЛекар, алерголог
_eпърви автор
_9145305
139 _aЯковлиев, Пламен Христов
_bЯ 36
245 _aВаскулити на кожата
_bМонография
_cПламен Яковлиев ; послесл. Тодор Попов
260 _9392213
_aСофия, [т.е. Ст. Загора]
_bПламен Христов Яковлиев
_c2021
300 _a420 с.
_bс ил., табл.
_c30 см
380 _a61
500 _aРецензия / Гриша Стефанов Матеев: с. 10-11 Текст и на англ. ез. Библиогр.: с. 316-340.
650 0 _9249015
_aКожни болести
650 7 _9150437
_aВаскулити - диагностика и лечение - наръчници и ръководства
653 7 _9190721
_aмедицина
700 _9958
_aПопов, Тодор Александров
_eпослесл.
852 _aЦб ІІ
942 _cKNG
_n0
_s1
944 _aCR
_c2022-02-07
_k30560
_lГеновева Генчева
999 _d328657